000 01012nam a2200325Ia 4500
001 Para_7229
003 CHAP
008 220125s1939 xx 000 0 und d
010 _a206115
040 _cCHAP
082 _aPA-C 636.08 B85
100 _aBell, Charles E.
_9172272
245 _aGrowing hogs in Georgia /
_c by Charles E. Bell
260 _aathenes, Georgia :
_b The University of Georgia. College of Agriculture
300 _a16 p.
440 _aBulletin, 458
_9172273
500 _aEncuadernado con otros impresos similares
650 _aGanado
_x colecciones de escritos
_9172274
650 _aGanado porcino
_x alimentación
_945329
650 _aGanado porcino
_x Georgia
_9172275
650 _aGanado porcino
_x producción
_945399
650 _aGanado porcino, cría de
_9172276
901 _aPA-C 636.08 B85
902 _aA
905 _a0000001939 a 0000000000 00
910 _a1939
942 _cPARA
942 _cPARA
_d1
999 _c206115
_d206115